[Event "Dortmund-B"]
[Site "Dortmund"]
[Date "1990.??.??"]
[Round "?"]
[White "Schmittdiel, Eckhard"]
[Black "Polgar, Judit"]
[Result "1-0"]
[WhiteElo "2455"]
[BlackElo "2550"]

1.e4 c5 2.c3 d5 3.exd5 Qxd5 4.d4 Nc6 5.Nf3 Nf6 6.dxc5 Qxc5 7.Be3 Qa5 8.Na3 Bg4
9.Qb3 O-O-O 10.Ng5 Nd4 11.Qc4+ Kb8 12.Bxd4 Qxg5 13.Nb5 Nd5 14.Bxa7+ Ka8 15.Bd4 Qf4
16.f3 Bf5 17.Qa4+ Kb8 18.Qa7+ Kc8 19.Qa8+ Qb8 20.Qxb8+ Kxb8 21.O-O-O f6 22.c4 g6
23.Be3 Nxe3 24.Rxd8+ Bc8 25.f4 e5 26.g3 exf4 27.gxf4 Bg7 28.Rxh8 Bxh8 29.Bd3 Ng2
30.Rf1 Bg7 31.Nc3 Bh6 32.Nd5 Be6 33.Nxf6 Bxf4+ 34.Kb1 g5 35.Nxh7 Ne3 36.Re1 Bh3
37.Nf6 Ng2 38.Re8+ Ka7 39.Rh8 g4 40.Be4 Be5 41.Rh6 Ne3 42.b3 Nf1 43.Kc2 Nxh2
44.c5 Bf1 45.Rh7 Bxf6 46.Rxb7+ Ka6 47.Rb6+ Ka5 48.Bc6  1-0

[Event "Dortmund-B"]
[Site "Dortmund"]
[Date "1990.??.??"]
[Round "?"]
[White "Polgar, Judit"]
[Black "Vogt, Lothar"]
[Result "1/2-1/2"]
[WhiteElo "2550"]
[BlackElo "2500"]

1.e4 c5 2.Nf3 e6 3.d4 cxd4 4.Nxd4 Nf6 5.Nc3 d6 6.Be2 Be7 7.O-O O-O 8.Be3 Nc6
9.f4 Bd7 10.Nb3 a6 11.a4 b6 12.Bf3 Qc7 13.Qe2 Bc8 14.Qc4 Bb7 15.f5 Qd7 16.fxe6 fxe6
17.Nd4 d5 18.exd5 Ne5 19.dxe6 Nxc4 20.exd7 Bxf3 21.Rxf3 Nxd7 22.Nc6 Bf6 23.Rd1 Nde5
24.Nxe5 Bxe5 25.Bd4 Rxf3 26.gxf3 Nxb2 27.Bxe5 Nxd1 28.Nxd1 Re8 29.f4 g5 30.Kf2 gxf4
31.Bd4 b5 32.Nb2 b4 33.c3 bxc3 34.Bxc3 Rc8 35.Nd1 Rd8 36.Nb2 Rc8 37.Nd1 Rd8
38.Ke1 Rd3 39.Bd2 f3 40.a5 Kf7 41.Ne3 Ke6 42.Bc1 Ke5 43.Kf2 Ke4 44.Nf1 Rd1
45.Ng3+ Kd3 46.Be3 Ra1 47.Bb6 Ra2+ 48.Kxf3 Rxh2 49.Kg4  1/2-1/2

[Event "Dortmund-B"]
[Site "Dortmund"]
[Date "1990.??.??"]
[Round "?"]
[White "Polgar, Judit"]
[Black "Stein, Bernd"]
[Result "1/2-1/2"]
[WhiteElo "2550"]
[BlackElo "2415"]

1.e4 c5 2.Nf3 e6 3.d4 cxd4 4.Nxd4 Nf6 5.Nc3 Nc6 6.Ndb5 Bb4 7.a3 Bxc3+ 8.Nxc3 d5
9.exd5 exd5 10.Bd3 O-O 11.O-O h6 12.Bf4 d4 13.Nb5 Nd5 14.Bg3 Be6 15.Re1 Qd7
16.Nd6 Rad8 17.Qf3 Qe7 18.Nf5 Qf6 19.Bh4 g5 20.Bg3 Rfe8 21.h4 Bxf5 22.Qxf5 Qxf5
23.Bxf5 Kg7 24.Kf1 Kf6 25.Bd3 Ne5 26.Rad1 Re6 27.Be4 Nf4 28.b3 b5 29.Rd2 Ra6
30.Red1 Ne6 31.hxg5+ hxg5 32.Bxe5+ Kxe5 33.Bd3 Rb6 34.g3 f5 35.Kg2  1/2-1/2

[Event "Dortmund-B"]
[Site "Dortmund"]
[Date "1990.??.??"]
[Round "?"]
[White "Polgar, Judit"]
[Black "Lazic, Miroljub"]
[Result "1-0"]
[WhiteElo "2550"]
[BlackElo "2495"]

1.e4 e5 2.Nf3 Nc6 3.Bb5 g6 4.O-O Bg7 5.c3 a6 6.Ba4 d6 7.d4 Bd7 8.d5 Nce7
9.Bxd7+ Qxd7 10.c4 Nf6 11.Nc3 O-O 12.c5 Nh5 13.Be3 dxc5 14.Bxc5 Rfe8 15.Qa4 Qxa4
16.Nxa4 f5 17.Nc3 fxe4 18.Ng5 Nf6 19.Bxe7 Rxe7 20.Ngxe4 Nxe4 21.Nxe4 Rd8
22.Rad1 Red7 23.Rc1 Rf7 24.Rfd1 Rfd7 25.Kf1 Kh8 26.Ke2 Bf8 27.Rd3 h6 28.Rb3 Rb8
29.Rc6 bxc6 30.Rxb8 Kg7 31.dxc6 Rd4 32.Nd2 Rd6 33.Nc4 Rxc6 34.b3 e4 35.Re8 a5
36.a4 Bb4 37.Rxe4 Rc5 38.f4 Kf6 39.g4 Rd5 40.h3 Rd8 41.Re5 Rd4 42.f5 gxf5
43.Rxf5+ Kg7 44.Ke3 Rd1 45.Ke4 Re1+ 46.Kd5 Rd1+ 47.Ke6 Rd3 48.h4 Rxb3 49.Rf7+ Kg8
50.Rxc7 Rf3 51.Ne5 Rf1 52.h5 Bd2 53.Rd7 Bc3 54.Rd3 Ba1 55.Rd5 Bc3 56.Rc5 Bb4
57.Rc8+ Kg7 58.Rc7+ Kg8 59.g5 hxg5 60.Ng4 Re1+ 61.Kf6 Re4 62.Kf5 Re7 63.Rc8+ Kg7
64.h6+ Kh7 65.Nf6+ Kxh6 66.Rg8  1-0

[Event "Dortmund-B"]
[Site "Dortmund"]
[Date "1990.??.??"]
[Round "?"]
[White "Skembris, Spyridon"]
[Black "Polgar, Judit"]
[Result "0-1"]
[WhiteElo "2470"]
[BlackElo "2550"]

1.d4 Nf6 2.Nf3 g6 3.c4 c5 4.d5 b5 5.Qc2 Bg7 6.e4 d6 7.h3 O-O 8.cxb5 e6 9.dxe6 Bxe6
10.Bg5 a6 11.Nc3 Qa5 12.Bd2 axb5 13.Bxb5 Na6 14.O-O Nb4 15.Qb1 Bxa2 16.Qd1 Nxe4
17.Bc4 Nxc3 18.Bxc3 Qd8 19.Nd2 Bxc4 20.Rxa8 Qxa8 21.Nxc4 d5 22.Ne3 Rd8 23.Bxb4 cxb4
24.Qb3 d4 25.Nc4 Qb7 26.Re1 Bf6 27.Qd3 h5 28.Re2 Qb5 29.b3 Kg7 30.Ra2 Re8
31.Qd2 Re6 32.Ra5 Qe8 33.Qxb4 Re1+ 34.Kh2 Qe4 35.Qd6 h4 36.Ra7 Bg5  0-1

[Event "Dortmund-B"]
[Site "Dortmund"]
[Date "1990.??.??"]
[Round "?"]
[White "Polgar, Judit"]
[Black "Espig, Lutz"]
[Result "1/2-1/2"]
[WhiteElo "2550"]
[BlackElo "2475"]

1.e4 c5 2.Nf3 e6 3.d4 cxd4 4.Nxd4 Nf6 5.Nc3 d6 6.Be2 Be7 7.O-O Nc6 8.Be3 O-O
9.f4 Qc7 10.Kh1 Nxd4 11.Bxd4 e5 12.Be3 exf4 13.Bxf4 Be6 14.Qd3 Rfd8 15.Qg3 a6
16.Bh6 Ne8 17.Bd3 g6 18.Nd5 Bxd5 19.exd5 Bf6 20.c3 Be5 21.Qf3 Ng7 22.g4 Qe7
23.Rf2 Rf8 24.Rg1 f6 25.Qe3 Rf7 26.Be4 Re8 27.Bf5 gxf5 28.gxf5 Kh8 29.Qh3 b5
30.Rfg2 Rg8 31.Rg4 Qb7 32.Qg2 Qd7 33.Qf3 Qb7 34.R1g2 Qd7 35.Qh3 Qb7 36.Qf3 Qd7
37.Rg1 Qb7 38.Qe4 Qd7 39.Qg2 Qb7 40.a3 Qd7 41.Qf3 Qb7 42.R1g2 Qd7 43.Qh3 Qb7
44.Qf3 Qd7 45.Rg1 Qb7 46.Qg2  1/2-1/2

[Event "Pamplona"]
[Site "Pamplona"]
[Date "1990.??.??"]
[Round "?"]
[White "Polgar, Judit"]
[Black "Romero Holmes, Alfonso"]
[Result "1-0"]
[WhiteElo "2540"]
[BlackElo "2475"]

1.e4 e6 2.d4 d5 3.Nc3 Bb4 4.e5 c5 5.a3 Ba5 6.b4 cxd4 7.Qg4 Kf8 8.bxa5 dxc3
9.a4 f5 10.Qg3 Nc6 11.Ba3+ Nge7 12.Bb5 Kg8 13.h4 a6 14.Bd3 Bd7 15.h5 h6 16.Nf3 Nxa5
17.Qh4 Kf7 18.g4 Nc4 19.gxf5 Nxf5 20.Qg4 Nd2 21.Rg1 Ne4 22.Qg6+ Kg8 23.Bxe4 dxe4
24.Nd4 Rh7 25.Nxe6 Qe8 26.Nf8 Rh8 27.Nxd7 Qxd7 28.Rd1 Qf7 29.e6 Qxg6 30.hxg6 Nh4
31.Rg4 Nf3+ 32.Ke2 Nd2 33.e7 Re8 34.Rf4  1-0

[Event "Pamplona"]
[Site "Pamplona"]
[Date "1990.??.??"]
[Round "?"]
[White "Novikov, Igor A"]
[Black "Polgar, Judit"]
[Result "1-0"]
[WhiteElo "2575"]
[BlackElo "2540"]

1.d4 Nf6 2.c4 g6 3.Nc3 Bg7 4.e4 d6 5.Nge2 O-O 6.Ng3 e5 7.d5 a5 8.Be2 Na6
9.h4 c6 10.h5 cxd5 11.cxd5 Nc5 12.Bg5 a4 13.Qd2 Qa5 14.f3 Bd7 15.Kf2 b5 16.b4 axb3
17.axb3 Qb6 18.Be3 b4 19.Na4 Bxa4 20.bxa4 Bh6 21.Rhb1 Bf4 22.Bb5 b3 23.Qe2 Bxe3+
24.Qxe3 Nxd5 25.exd5 f5 26.Ke2 f4 27.Qf2 fxg3 28.Qxg3 e4 29.hxg6 exf3+ 30.gxf3 Qc7
31.gxh7+ Kh8 32.Qg5 Qf7 33.Rf1 Ra7 34.Kd2 b2 35.Rab1 Re7 36.Rg1 Qf4+ 37.Qxf4 Rxf4
38.Rxb2 Rxf3 39.Kc1 Rxh7 40.Kb1 Rg7 41.Rxg7 Kxg7 42.Ka2 Kf6 43.Re2 Rf5 44.Bc6 Nxa4
45.Bxa4 Rxd5 46.Kb3 Re5 47.Rh2 Ke6 48.Rh6+ Kd5 49.Kb4 Re1 50.Rh5+ Re5 51.Rh3 Kd4
52.Bc2 Rc5 53.Rh4+ Ke5 54.Bb3 Rc8 55.Rh5+ Ke4 56.Bc4 Rc5 57.Rh6 Rc6 58.Kc3 Rb6
59.Re6+ Kf5 60.Kd4 Rc6 61.Re8 Kf6 62.Rf8+ Kg7 63.Rf7+ Kg6 64.Rf1 Rc5 65.Bd5 Ra5
66.Re1 Kf5 67.Re8 Ra6 68.Bc4 Rc6 69.Be6+ Kf6 70.Kd5 Ra6 71.Rf8+ Kg5 72.Bd7 Ra1
73.Bc6 Rd1+ 74.Ke6 Re1+ 75.Kxd6 Kg4 76.Kd5 Kg5 77.Kd4 Ra1 78.Ke5 Ra5+ 79.Bd5 Rb5
80.Rg8+ Kh5 81.Ke4 Kh4 82.Rg1 Kh5 83.Bf7+ Kh6 84.Kf4 Kh7 85.Bg6+ Kh8 86.Bf5 Ra5
87.Rg6 Rb5 88.Kg5 Rb2 89.Kf6 Rh2 90.Rg3 Rf2 91.Rh3+  1-0

[Event "Hoogovens-B"]
[Site "Wijk aan Zee"]
[Date "1990.??.??"]
[Round "2"]
[White "Polgar, Judit"]
[Black "Damljanovic, Branko"]
[Result "1-0"]
[WhiteElo "2550"]
[BlackElo "2535"]

1.e4 c5 2.Nf3 Nc6 3.d4 cxd4 4.Nxd4 Nf6 5.Nc3 d6 6.Bc4 Qb6 7.Nb3 e6 8.Be3 Qc7
9.f4 a6 10.Bd3 b5 11.Qf3 Bb7 12.O-O Be7 13.a4 b4 14.Ne2 Na5 15.Nxa5 Qxa5
16.g4 Qc7 17.g5 Nd7 18.Bd4 O-O 19.Qh5 e5 20.f5 exd4 21.f6 Ne5 22.Rf4 Rfe8
23.Rh4 h6 24.Ng3 Qd8 25.Rf1 Bf8 26.Nf5 Re6 27.Rf2 d5 28.Rg2 Ng6 29.fxg7 Bxg7
30.Nxg7 Kxg7 31.Qxh6+ Kg8 32.e5 f5 33.gxf6  1-0

[Event "Hoogovens-B"]
[Site "Wijk aan Zee"]
[Date "1990.??.??"]
[Round "3"]
[White "Van Wely, Loek"]
[Black "Polgar, Judit"]
[Result "0-1"]
[WhiteElo "2445"]
[BlackElo "2550"]

1.Nf3 c5 2.g3 Nc6 3.Bg2 g6 4.O-O Bg7 5.c4 e5 6.Nc3 Nge7 7.Ne1 a6 8.Nc2 Rb8
9.a4 d6 10.d3 O-O 11.Rb1 Be6 12.Ne3 Nd4 13.Bd2 b5 14.axb5 axb5 15.Nxb5 Nxb5
16.cxb5 Rxb5 17.b4 Qc7 18.bxc5 Qxc5 19.Qa4 Rfb8 20.Rxb5 Qxb5 21.Qa3 Bf8 22.Qxd6 Nf5
23.Qc7 Nd4 24.Re1 Qb2 25.Bc3 Qb5 26.Nd5 Bg7 27.e3 Nf5 28.Qc4 Qd7 29.Qe4 Nd6
30.Qf3 Rb3 31.Ba1 Bf5 32.Bf1 h5 33.h4 Qb7 34.Qh1 Bxd3 35.Bg2 Qa7 36.Nc3 e4
37.Nxe4 Bxe4 38.Bxg7 Bxg2 39.Qxg2 Kxg7 40.Qd5 Qb6 41.Rd1 Ne8 42.Qe5+ Nf6
43.Rd6 Rb1+ 44.Kh2 Qb2  0-1

[Event "Hoogovens-B"]
[Site "Wijk aan Zee"]
[Date "1990.??.??"]
[Round "8"]
[White "Polgar, Judit"]
[Black "Hellers, Ferdinand"]
[Result "1-0"]
[WhiteElo "2550"]
[BlackElo "2525"]

1.e4 e5 2.Nf3 Nc6 3.Bb5 a6 4.Ba4 Nf6 5.O-O Nxe4 6.d4 b5 7.Bb3 d5 8.dxe5 Be6
9.c3 Bc5 10.Nbd2 O-O 11.Bc2 Bf5 12.Nb3 Bg6 13.Nfd4 Bxd4 14.Nxd4 Qd7 15.a4 Nxe5
16.f4 Nc6 17.Nxc6 Qxc6 18.f5 Qb6+ 19.Qd4 Qxd4+ 20.cxd4 Bh5 21.Bf4 c6 22.h3 f6
23.Rfc1 Rfd8 24.axb5 cxb5 25.Bb3 Bf7 26.Rc7 Nd6 27.Bxd6 Rxd6 28.Rb7 Rad8
29.Ra7 h5 30.R1xa6 Rxa6 31.Rxa6 Re8 32.Kf2 Re4 33.Ra8+ Kh7 34.Rf8 Re7 35.Bc2 Be8
36.Bd3 b4 37.g3 b3 38.h4 Bc6 39.Rc8 Bb7 40.Rc3 Rd7 41.Rxb3 Rc7 42.Rc3  1-0

[Event "Hoogovens-B"]
[Site "Wijk aan Zee"]
[Date "1990.??.??"]
[Round "10"]
[White "Polgar, Judit"]
[Black "Van der Sterren, Paul"]
[Result "1-0"]
[WhiteElo "2550"]
[BlackElo "2515"]

1.e4 e5 2.Nf3 Nc6 3.Bb5 a6 4.Ba4 Nf6 5.O-O Be7 6.Re1 b5 7.Bb3 d6 8.c3 O-O
9.h3 Nd7 10.d4 Bf6 11.a4 Rb8 12.axb5 axb5 13.d5 Ne7 14.Nbd2 Ng6 15.Nf1 Nh4
16.N1h2 Nxf3+ 17.Nxf3 Nc5 18.Bc2 c6 19.b4 Na6 20.dxc6 Qc7 21.Bb3 Qxc6 22.Bd5 Qxc3
23.Be3 Qc7 24.Qc1 Bb7 25.Ba7 Bxd5 26.Qxc7 Nxc7 27.Bxb8 Rxb8 28.exd5 Nxd5
29.Rad1 Nxb4 30.Rxd6 Nc2 31.Re2 Nd4 32.Nxd4 exd4 33.Rb6 Rd8 34.Rxb5 g6 35.Rd2 h5
36.g3 Kg7 37.Rb7 Rd5 38.Kf1 Rd8 39.Ke2 Re8+ 40.Kd3 Re5 41.Ra2 Rf5 42.h4 Kg8
43.Ra8+ Kg7 44.f4  1-0

[Event "Brno Morava-A"]
[Site "Brno"]
[Date "1991.??.??"]
[Round "1"]
[White "Boensch, Uwe"]
[Black "Polgar, Judit"]
[Result "1/2-1/2"]
[WhiteElo "2560"]
[BlackElo "2550"]

1.d4 Nf6 2.Nf3 g6 3.Bg5 Bg7 4.Nbd2 d5 5.e3 O-O 6.Rc1 c5 7.c3 b6 8.b4 Nbd7
9.Be2 Re8 10.O-O Bb7 11.bxc5 bxc5 12.Qb3 Bc6 13.c4 Qa5 14.Bxf6 Nxf6 15.Qc2 cxd4
16.Nxd4 Ba4 17.N2b3 Qb4 18.cxd5 Nxd5 19.Bf3 Rad8 20.Qc4 Qxc4 21.Rxc4 Bxb3
22.axb3 Nb6 23.Rc7 Bxd4 24.exd4 Rxd4 25.Rxa7 e5 26.Rb7 Re6 27.Rd1 Nd5  1/2-1/2

[Event "Brno Morava-A"]
[Site "Brno"]
[Date "1991.??.??"]
[Round "2"]
[White "Polgar, Judit"]
[Black "Stohl, Igor"]
[Result "1/2-1/2"]
[WhiteElo "2550"]
[BlackElo "2555"]

1.e4 d6 2.d4 Nf6 3.Nc3 g6 4.f4 Bg7 5.Nf3 O-O 6.Bd3 Nc6 7.O-O e5 8.fxe5 dxe5
9.d5 Nd4 10.Nxe5 Nxe4 11.Bxe4 Bxe5 12.Bf4 Bxf4 13.Rxf4 Nf5 14.Bxf5 Bxf5 15.Qd4 Bxc2
16.Raf1 Qe7 17.Qd2 Bf5 18.g4 Bc8 19.d6 Qxd6 20.Rd4 Qe5 21.Nd5 Be6 22.Nf6+ Kg7
23.b4 Bf5 24.g5 Rfe8 25.Rd1 c6 26.Nxe8+ Rxe8 27.Rd6 Qe3+ 28.Qxe3 Rxe3 29.Rd8 h6
30.Rb8 hxg5 31.Rxb7 Ra3  1/2-1/2

[Event "Brno Morava-A"]
[Site "Brno"]
[Date "1991.??.??"]
[Round "7"]
[White "Polgar, Judit"]
[Black "Dautov, Rustem"]
[Result "0-1"]
[WhiteElo "2550"]
[BlackElo "2595"]

1.e4 e5 2.Nf3 Nc6 3.Bb5 Nf6 4.O-O Nxe4 5.d4 Nd6 6.Bxc6 dxc6 7.dxe5 Nf5 8.Qxd8+ Kxd8
9.b3 a5 10.Nc3 Ke8 11.h3 Bb4 12.Bb2 Bxc3 13.Bxc3 c5 14.Rad1 h6 15.Nd2 h5
16.Ne4 b6 17.Ng5 Ke7 18.Rd2 h4 19.Rfd1 Rh5 20.Ne4 Bb7 21.Rd7+ Ke6 22.Nxc5+ bxc5
23.Rxc7 Rb8 24.f3 Rg5 25.Rd3 Nd4 26.Bxd4 cxd4 27.Rxd4 Bxf3 28.Rd6+ Kxe5 29.Rd2 f5
30.Rc5+ Ke6 31.Rxa5 Ra8 32.Rc5 Rxa2 33.b4 Be4 34.b5 Ra1+ 35.Kh2 Rg3  0-1

[Event "Munich"]
[Site "Munich"]
[Date "1991.??.??"]
[Round "7"]
[White "Polgar, Judit"]
[Black "Gelfand, Boris"]
[Result "1/2-1/2"]
[WhiteElo "2540"]
[BlackElo "2700"]

1.e4 c5 2.Nf3 d6 3.d4 cxd4 4.Nxd4 Nf6 5.Nc3 a6 6.f4 Nbd7 7.Be2 e5 8.fxe5 Nxe5
9.Bg5 Be7 10.Qd2 O-O 11.O-O Be6 12.Nf5 Bxf5 13.Rxf5 Rc8 14.Kh1 Qb6 15.Rb1 Ned7
16.Bd3 Rfe8 17.Be3 Qd8 18.Rbf1 Ne5 19.Bd4 g6 20.R5f4 Nfd7 21.Qe2 Bg5 22.R4f2 Nc6
23.Bc4 Nxd4 24.Bxf7+ Kh8 25.Qd3 Nc6 26.Bxe8 Qxe8 27.Qxd6 Qe7 28.Qd3 Nde5
29.Qh3 Re8 30.Nd5 Qd6 31.Qc3 Bh6 32.Rf7 Rf8 33.Rxf8+ Bxf8 34.Rf6 Qb8 35.Re6 Bg7
36.Qc5 h5 37.Nf4 Qd8 38.Nxg6+ Kh7 39.Nxe5 Nxe5 40.h3 Qd1+ 41.Qg1 Qd7 42.Rb6 Nf3
43.Qf1 Qc7 44.Qxf3 Qxb6 45.Qxh5+ Kg8 46.Qd5+ Kf8 47.b3 Qf6 48.Kg1 Qb6+ 49.Kf1 Ke7
50.Ke2 Qc7 51.c4 b6  1/2-1/2

[Event "Munich"]
[Site "Munich"]
[Date "1991.??.??"]
[Round "8"]
[White "Hort, Vlastimil"]
[Black "Polgar, Judit"]
[Result "1-0"]
[WhiteElo "2540"]
[BlackElo "2540"]

1.d4 Nf6 2.c4 g6 3.Nc3 Bg7 4.e4 d6 5.Be2 O-O 6.Bg5 c5 7.d5 h6 8.Be3 e6 9.h3 exd5
10.exd5 Bf5 11.g4 Bc8 12.Qd2 b5 13.Bxh6 b4 14.Bxg7 Kxg7 15.Nd1 Ne4 16.Qf4 Re8
17.h4 Qf6 18.Qxf6+ Nxf6 19.f3 Nbd7 20.Nf2 Ba6 21.b3 Re3 22.Nd1 Re5 23.Rh2 Rae8
24.Kf1 R8e7 25.Rc1 Re8 26.Rc2 Bb7 27.Nh3 a5 28.Nf4 Nb6 29.Nf2 a4 30.g5 Nfxd5
31.cxd5 axb3 32.axb3 Nxd5 33.Nxd5 Bxd5 34.Ng4 Rf5 35.Nf6 Re3 36.Nxd5 Rxd5
37.Rb2 Rde5 38.Rf2 f6 39.gxf6+ Kxf6 40.Kg2 Rh5 41.Rd2 Rxb3 42.Rxd6+ Ke5 43.Rc6 Kd5
44.Bb5 Rxh4 45.Rxg6 Re3 46.Kg3 Rd4 47.Rc2 Rc3 48.Rh2  1-0

[Event "Munich"]
[Site "Munich"]
[Date "1991.??.??"]
[Round "13"]
[White "Polgar, Judit"]
[Black "Beliavsky, Alexander G"]
[Result "0-1"]
[WhiteElo "2540"]
[BlackElo "2640"]

1.e4 e5 2.Nf3 Nc6 3.Bb5 a6 4.Bc4 Nf6 5.O-O Be7 6.Re1 b5 7.Bb3 d6 8.c3 O-O
9.h3 Nb8 10.d4 Nbd7 11.Nbd2 Bb7 12.Bc2 Re8 13.Nf1 Bf8 14.Ng3 g6 15.b3 d5
16.exd5 Nxd5 17.dxe5 Nxc3 18.Qd3 Nd5 19.Bg5 Qc8 20.Qd4 Bg7 21.Nf5 gxf5 22.Bxf5 Re6
23.Qh4 Nf8 24.Nd4 c5 25.Rac1 Qc7 26.Nxe6 fxe6 27.Bb1 Rc8 28.Qg3 Ng6 29.h4 Nxe5
30.Bh6 Nf3+ 31.Qxf3 Bxh6 32.Rcd1 Qg7 33.Qe4 Re8 34.g3 Nf6 35.Qc2 Qc7 36.Rf1 Kh8
37.Qc3 Bg7 38.Qd2 Nd5 39.Kh2 Bd4 40.Qd3 Nf6 41.Qe2 Rg8 42.Rxd4 cxd4  0-1

[Event "Portoroz/Nova Gorica"]
[Site "Portoroz"]
[Date "1991.??.??"]
[Round "?"]
[White "Grosar, Aljosa"]
[Black "Polgar, Judit"]
[Result "1/2-1/2"]
[WhiteElo "2370"]
[BlackElo "2540"]

1.e4 c5 2.b3 d5 3.exd5 Qxd5 4.Nf3 Nc6 5.Nc3 Qd7 6.Bb2 Nf6 7.Bc4 e6 8.Qe2 a6
9.a4 Be7 10.Ne4 b6 11.Ne5 Nxe5 12.Bxe5 Bb7 13.f3 Nxe4 14.fxe4 Bh4+ 15.g3 Bf6
16.Bxf6 gxf6 17.Rf1 Qd4 18.c3 Qxe4 19.Rxf6 Ke7 20.Qxe4 Bxe4 21.Rf4 Bc6 22.a5 b5
23.Be2 Rad8 24.b4 c4 25.O-O-O f5 26.d4 cxd3 27.Rxd3 Bd5 28.Bf3 Bxf3 29.Rdxf3 h5
30.c4 Rc8 31.Rc3 Kf6 32.Rd4 Rc6 33.c5 e5 34.Rd7 h4 35.Rcd3 e4 36.R3d6+ Rxd6
37.Rxd6+ Ke5 38.Rxa6 hxg3 39.hxg3 Kd4 40.Rd6+ Kc3 41.c6 Kxb4 42.a6 Kc5 43.Rf6 Kb6
44.c7+ Kxc7 45.Rxf5 Kb6 46.Rf6+ Ka7 47.Re6 Rc8+ 48.Kb2 Rg8 49.Rxe4 Rxg3  1/2-1/2

[Event "Portoroz/Nova Gorica"]
[Site "Portoroz"]
[Date "1991.??.??"]
[Round "?"]
[White "Khalifman, Alexander"]
[Black "Polgar, Judit"]
[Result "1-0"]
[WhiteElo "2640"]
[BlackElo "2540"]

1.e4 c5 2.Nf3 Nc6 3.Bb5 e6 4.Bxc6 bxc6 5.O-O d5 6.d3 Ba6 7.Nbd2 c4 8.exd5 cxd5
9.c3 Qa5 10.dxc4 dxc4 11.Qe2 Rc8 12.Ne5 Qc7 13.Ndf3 Bd6 14.Rd1 Nf6 15.Nxf7 Bxh2+
16.Nxh2 Kxf7 17.Bg5 Rhe8 18.Bxf6 gxf6 19.Qh5+ Kg8 20.Ng4 Rf8 21.Rd4 Bb7 22.Rad1 Bc6
23.Rxc4 Kh8 24.Qh6 Rf7 25.Nxf6 Qe7 26.Ne4 Rg7 27.Ng3 Qb7 28.Qxe6  1-0

[Event "San Sebastian op"]
[Site "San Sebastian"]
[Date "1991.??.??"]
[Round "4"]
[White "Hector, Jonny"]
[Black "Polgar, Judit"]
[Result "1/2-1/2"]
[WhiteElo "2465"]
[BlackElo "2540"]

1.e4 c5 2.Nf3 Nc6 3.Nc3 d6 4.d4 cxd4 5.Nxd4 Nf6 6.Bc4 Qb6 7.Nde2 e6 8.O-O Be7
9.Bb3 O-O 10.Bg5 Na5 11.Qd3 h6 12.Bh4 Qc5 13.Rad1 Rd8 14.Qf3 Bd7 15.Nf4 Nxb3
16.axb3 g5 17.Nd3 Qb6 18.Bg3 e5 19.h3 Rac8 20.Rd2 a5 21.Rfd1 Be6 22.Qe2 h5
23.Kh1 h4 24.Bh2 Bf8 25.Bg1 Qc7 26.Qe3 Bh6 27.f3 Nh5 28.Bf2 Qe7 29.Qb6 g4
30.fxg4 Bxd2 31.Rxd2 Ng3+ 32.Bxg3 hxg3 33.Qe3 d5 34.exd5 Bxd5 35.Qxg3 Bc6
36.Re2 e4 37.Ne5 Re8 38.Nc4 Rcd8 39.Nxa5 e3 40.Nc4 b5 41.Nxe3 Qe5 42.Qxe5 Rxe5
43.Nf5 Rxe2 44.Nxe2 Rd2 45.Nfd4 Be4 46.c3 Rxb2 47.b4 Bd3 48.Nf4 Bc4 49.Kh2 Rb1
50.Kg3 Rc1 51.Nfe2 Rf1 52.g5 f6 53.g6 Bd3 54.Nf4 Rc1 55.Nd5 Bxg6 56.Nxb5 Kf7
57.Nf4 Bc2 58.c4 Rb1 59.Nd6+ Ke7 60.c5 Ba4 61.b5 Rb3+ 62.Kg4 Bxb5 63.Nd5+ Kd8
64.Kf5 Bc6 65.Nf4 Bxg2 66.h4 Bf3 67.Kxf6 Kd7 68.h5 Bxh5 69.Nxh5  1/2-1/2

[Event "San Sebastian op"]
[Site "San Sebastian"]
[Date "1991.??.??"]
[Round "6"]
[White "Giorgadze, Giorgi"]
[Black "Polgar, Judit"]
[Result "1/2-1/2"]
[WhiteElo "2495"]
[BlackElo "2540"]

1.d4 Nf6 2.c4 g6 3.Nc3 Bg7 4.e4 d6 5.Be2 O-O 6.Nf3 e5 7.Be3 Ng4 8.Bg5 f6
9.Bh4 g5 10.Bg3 Nh6 11.O-O Nc6 12.dxe5 fxe5 13.h4 gxh4 14.Bxh4 Bf6 15.Bg3 Bg4
16.Nd5 Bxf3 17.Bxf3 Nd4 18.Bh5 Bg7 19.Qd2 Kh8 20.Rad1 Ng8 21.f4 exf4 22.Rxf4 Rxf4
23.Qxf4 c6 24.Bf2 Ne6 25.Qf5 cxd5 26.Qxe6 dxc4 27.Qxc4 Qg5 28.Bf3 Rf8 29.Qb3 Be5
30.Bd4 Ne7 31.Qe3 Qg6 32.Bxe5+ dxe5 33.Qc5 Rxf3 34.Qxe7 Qb6+  1/2-1/2

[Event "San Sebastian op"]
[Site "San Sebastian"]
[Date "1991.??.??"]
[Round "9"]
[White "Azmaiparashvili, Zurab"]
[Black "Polgar, Judit"]
[Result "1-0"]
[WhiteElo "2585"]
[BlackElo "2540"]

1.c4 g6 2.Nc3 Bg7 3.d4 Nf6 4.e4 d6 5.Nf3 O-O 6.Be2 e5 7.Be3 Ng4 8.Bg5 f6
9.Bh4 g5 10.Bg3 Nh6 11.dxe5 dxe5 12.O-O Qe7 13.h4 Nc6 14.Nd5 Qd8 15.b4 g4
16.Nh2 Qd7 17.c5 Rd8 18.Qb3 Kh8 19.Rad1 Nd4 20.Rxd4 exd4 21.Nxc7 d3 22.Bd1 Rb8
23.Qa3 b6 24.Ba4 b5 25.Bb3 Rb7 26.Ne6 Re8 27.Nxg7 Rxe4 28.Nh5 Qf5 29.Qb2 Qxh5
30.Qxf6+ Rg7 31.Qf8+ Ng8 32.Qxc8 d2 33.Qd8 Qh6 34.c6 Re1 35.c7  1-0

[Event "Vienna"]
[Site "Vienna"]
[Date "1991.??.??"]
[Round "4"]
[White "Mokry, Karel"]
[Black "Polgar, Judit"]
[Result "1-0"]
[WhiteElo "2525"]
[BlackElo "2550"]

1.e4 c5 2.Nf3 d6 3.d4 cxd4 4.Nxd4 Nf6 5.Nc3 a6 6.Be2 e6 7.f4 Be7 8.O-O O-O
9.a4 Nc6 10.Be3 Qc7 11.Kh1 Rd8 12.Bd3 e5 13.fxe5 dxe5 14.Nf5 Bxf5 15.Rxf5 Nd4
16.Rf1 h6 17.Nd5 Qd6 18.c3 Ne6 19.Qf3 Nf4 20.Nxf4 exf4 21.Bd4 Nd7 22.Qxf4 Qxf4
23.Rxf4 Ne5 24.Bxe5 Rxd3 25.Bd4 Bg5 26.Rf3 Rd2 27.Rf2 Rxf2 28.Bxf2 Re8 29.Re1 b5
30.axb5 axb5 31.h4 Bf6 32.g3 Be5 33.Kg2 Rd8 34.Kf3 Rd2 35.Re2 Rd3+ 36.Be3 b4
37.Rd2 Rd6 38.Rxd6 Bxd6 39.cxb4 Bxb4 40.h5 f6 41.Kg4 Kf7 42.Kf5 Bd6 43.g4 Bb4
44.Bd4 Bd6 45.Bc3  1-0

[Event "Vienna"]
[Site "Vienna"]
[Date "1991.??.??"]
[Round "5"]
[White "Polgar, Judit"]
[Black "Fauland, Alexander"]
[Result "1/2-1/2"]
[WhiteElo "2550"]
[BlackElo "2475"]

1.e4 g6 2.d4 Bg7 3.Nc3 c6 4.Nf3 d5 5.h3 Nf6 6.Bd3 O-O 7.O-O Nbd7 8.e5 Ne8
9.Ng5 Nc7 10.Nb1 c5 11.c3 cxd4 12.cxd4 Nb8 13.Be3 Nc6 14.a3 Ne6 15.Nxe6 Bxe6
16.Nd2 f6 17.f4 Qb6 18.Qb3 Bh6 19.Qxb6 axb6 20.exf6 Rxf6 21.g4 Rf7 22.Kg2 Bd7
23.Rae1 Raf8 24.Kg3 Nd8 25.h4 Bc8 26.h5 gxh5 27.g5 Bg7 28.Be2 h4+ 29.Kxh4 Bxd4
30.Bh5 Rf5 31.Bxd4 Rxf4+ 32.Rxf4 Rxf4+ 33.Kg3 Rxd4 34.Rxe7 Rxd2 35.Re8+ Kg7
36.Rxd8 Bf5 37.Rb8 Rxb2 38.Rxb7+ Kg8 39.Bf7+ Kf8 40.Bxd5 Bg6 41.a4 Rb4 42.Bc6 Bc2
43.Bb5  1/2-1/2

[Event "Vienna"]
[Site "Vienna"]
[Date "1991.??.??"]
[Round "9"]
[White "Polgar, Judit"]
[Black "Nunn, John DM"]
[Result "1/2-1/2"]
[WhiteElo "2550"]
[BlackElo "2610"]

1.e4 e5 2.Nf3 Nc6 3.Bb5 a6 4.Ba4 Nf6 5.O-O Be7 6.Re1 b5 7.Bb3 O-O 8.c3 d5
9.exd5 Nxd5 10.Nxe5 Nxe5 11.Rxe5 c6 12.Bxd5 cxd5 13.d4 Bd6 14.Re3 Qh4 15.h3 Qf4
16.Re5 Qf6 17.Re3 Qf4  1/2-1/2

[Event "Women-Veterans"]
[Site "Aruba"]
[Date "1992.??.??"]
[Round "2"]
[White "Panno, Oscar"]
[Black "Polgar, Judit"]
[Result "1/2-1/2"]
[WhiteElo "2485"]
[BlackElo "2575"]

1.d4 Nf6 2.Nf3 g6 3.g3 Bg7 4.Bg2 O-O 5.O-O d6 6.Re1 c5 7.d5 b5 8.e4 Bb7 9.c4 bxc4
10.Nfd2 Nfd7 11.Nxc4 Ne5 12.Nba3 Nbd7 13.Ne3 Ba6 14.Bf1 Qa5 15.Kg2 Rab8 16.Be2 Nd3
17.Bxd3 Bxd3 18.Nec4 Bxc4 19.Nxc4 Qa6 20.Qc2 Rb4 21.Na3 e6 22.dxe6 fxe6 23.Rb1 Bd4
24.f4 Nf6 25.b3 d5 26.exd5 exd5 27.Qe2 Rb6 28.Bb2 Ne4 29.Nc4 Re6 30.Ne5 Qxa2
31.Bxd4 Qxe2+ 32.Rxe2 cxd4 33.Ra1 g5 34.Nd3 Rb6 35.b4 a6 36.fxg5 Rc6 37.Nf4 Rc4
38.Nxd5 d3 39.Rxe4 Rxe4 40.Nf6+ Rxf6 41.gxf6 d2 42.Rd1 Re2+ 43.Kf3 Rxh2 44.Ke3 Kf7
45.Rxd2 Rxd2 46.Kxd2 Kxf6 47.Kd3 Kg5  1/2-1/2

[Event "Aruba"]
[Site "Aruba"]
[Date "1992.??.??"]
[Round "3"]
[White "Kindermann, Stefan"]
[Black "Polgar, Judit"]
[Result "1/2-1/2"]
[WhiteElo "2505"]
[BlackElo "2550"]

1.e4 c5 2.Nc3 e6 3.Nf3 a6 4.d4 cxd4 5.Nxd4 Qc7 6.Bd3 b5 7.O-O Bb7 8.Re1 b4
9.Nd5 exd5 10.exd5+ Kd8 11.Qf3 Nf6 12.Bg5 Qb6 13.Nc6+ Nxc6 14.dxc6 Bxc6 15.Bxf6+ Kc8
16.Be4 gxf6 17.Qxf6 Rg8 18.Qxf7 Rh8 19.Qf6 Rg8 20.Qf7 Rh8 21.Qf6  1/2-1/2

[Event "Women-Veterans"]
[Site "Aruba"]
[Date "1992.??.??"]
[Round "8"]
[White "Ivkov, Borislav"]
[Black "Polgar, Judit"]
[Result "1/2-1/2"]
[WhiteElo "2495"]
[BlackElo "2575"]

1.d4 Nf6 2.c4 g6 3.Nc3 Bg7 4.e4 d6 5.Be2 O-O 6.Bg5 Na6 7.Nf3 h6 8.Bf4 e5
9.dxe5 Nh5 10.Be3 dxe5 11.g3 Qe7 12.Nd5 Qd6 13.Nd2 c6 14.c5 Qd8 15.Nc3 Nf6
16.a3 Qe7 17.b4 Bh3 18.Bf1 Be6 19.Be2 Nh7 20.Nc4 f5 21.Nd6 f4 22.gxf4 exf4
23.Bd4 Nc7 24.Rg1 g5 25.Nxb7 f3 26.Bxf3 Bxd4 27.Qxd4 Rxf3 28.Na5 Rd8 29.Nxc6 Rxd4
30.Nxe7+ Kf8 31.Nc6 Rc4 32.Nd1 Rxe4+ 33.Ne3 Nd5 34.Rg3 Rf7 35.O-O-O Nf4 36.Rd2 Rc7
37.Na5 Nf6 38.Kb2 Nd7 39.Nc2 Ne5 40.Re3 Rxe3 41.fxe3 Nfd3+ 42.Kc3 Bf7 43.c6 Nxc6
44.Nxc6 Ne5 45.b5 Nxc6 46.bxc6 Rxc6+ 47.Kd4 Ke7 48.e4 Rc4+ 49.Ke3 Rc3+ 50.Kd4 Rb3
51.Rd3 Rb2 52.Rc3 Kd6 53.Ne3 Be6 54.Rc2 Rb3 55.e5+ Kd7 56.Rc3 Rb2 57.Rc2 Rb3
58.Rc3 Rxc3 59.Kxc3 Kc6 60.Kd4 h5 61.Ke4 a5 62.Nf5 Kd7 63.Ng3 Bg4 64.Kd4 Ke6
65.Ne4 Kf5 66.e6 Kxe6 67.Nxg5+ Kf5 68.h4 Be2 69.Ne4 Kg4 70.Nf6+ Kxh4 71.a4  1/2-1/2